[Event "AUT_chT 2012/13"]
[Site "Hohenems"]
[Date "2013.01.20"]
[Round "7"]
[Board "4"]
[White "Ruck, Robert"]
[Black "Acs, Peter"]
[Result "1/2-1/2"]
[WhiteElo "2573"]
[BlackElo "2586"]
[PlyCount "107"]
[EventDate "2012.11.02"]
[EventType "team"]
[EventRounds "11"]
[EventCountry "AUT"]
[WhiteTeam "SK Advisory Invest Baden"]
[BlackTeam "SK Sparkasse Jenbach"]

1. Nf3 Nf6 2. c4 e6 3. Nc3 d5 4. d4 dxc4 5. e4 Bb4 6. Bg5 c5 
7. e5 cxd4 8. Nxd4 Qa5 9. exf6 Bxc3+ 10. bxc3 Qxg5 11. fxg7 Qxg7 12. Qd2 O-O 
13. Bxc4 Rd8 14. Qe3 Bd7 15. O-O Nc6 16. Nf3 Ne7 17. Ne5 Ng6 18. f4 Rac8 
19. Bd3 Nxe5 20. fxe5 Bc6 21. g3 Rxd3 22. Qxd3 Qxe5 23. Rac1 Qd5 24. Qxd5 Bxd5 
25. a3 Kg7 26. Rf4 f5 27. g4 Kf6 28. gxf5 exf5 29. Rh4 Rg8+ 30. Kf1 Rg7 
31. Rd1 Ke5 32. Rd3 Rg6 33. Re3+ Be4 34. Rxh7 Kf4 35. Rg3 Rxg3 36. hxg3+ Kxg3 
37. Ke2 Kf4 38. Re7 Bc6 39. Kf2 a6 40. c4 Kg5 41. Rf7 Kf4 42. Re7 Kg5 
43. Re6 f4 44. Re5+ Kf6 45. Rh5 Ke6 46. Ke2 Be4 47. c5 Kf6 48. Kd2 Ke6 
49. Ke2 Kf6 50. Kf2 Ke6 51. Kg1 Bf3 52. Rh3 Be4 53. Rh5 Bf3 54. Rh3 1/2-1/2

[Event "AUT_chT 2012/13"]
[Site "Hohenems"]
[Date "2013.01.20"]
[Round "7"]
[Board "5"]
[White "Boensch, Uwe"]
[Black "Jankovic, Alojzije"]
[Result "1-0"]
[WhiteElo "2528"]
[BlackElo "2538"]
[PlyCount "57"]
[EventDate "2012.11.02"]
[EventType "team"]
[EventRounds "11"]
[EventCountry "AUT"]
[WhiteTeam "SK Sparkasse Jenbach"]
[BlackTeam "SK Advisory Invest Baden"]

1. d4 Nf6 2. c4 g6 3. Nc3 d5 4. Nf3 Bg7 5. e3 O-O 6. Bd2 c5 
7. dxc5 Na6 8. cxd5 Nxc5 9. Bc4 a6 10. a4 Bf5 11. O-O Qd6 12. Nd4 Bd7 
13. Qe2 Rac8 14. Rfd1 Ng4 15. f4 Nf6 16. Be1 Bg4 17. Nf3 Bf5 18. a5 Rc7 
19. Ne5 Nce4 20. Na4 Ng4 21. Nxg4 Bxg4 22. Qxg4 Rxc4 23. Qe2 Qc7 24. Qd3 f5 
25. Nb6 Rc5 26. Bb4 Bxb2 27. Qb3 Rc3 28. Qxb2 Rxe3 29. d6 1-0

[Event "AUT_chT 2012/13"]
[Site "Hohenems"]
[Date "2013.01.20"]
[Round "7"]
[Board "6"]
[White "Siebrecht, Sebastian"]
[Black "Bischoff, Klaus"]
[Result "0-1"]
[WhiteElo "2494"]
[BlackElo "2519"]
[PlyCount "78"]
[EventDate "2012.11.02"]
[EventType "team"]
[EventRounds "11"]
[EventCountry "AUT"]
[WhiteTeam "SK Advisory Invest Baden"]
[BlackTeam "SK Sparkasse Jenbach"]

1. Nf3 c5 2. g3 g6 3. Bg2 Bg7 4. O-O Nc6 5. e4 Nf6 6. d3 d5 
7. exd5 Nxd5 8. Nbd2 O-O 9. Re1 b6 10. Nc4 Bb7 11. h4 b5 12. Ncd2 Nd4 
13. Ng5 Qc7 14. c3 Nf5 15. h5 Rad8 16. hxg6 hxg6 17. Nde4 Nf6 18. Qf3 Nd6 
19. Bf4 Nfxe4 20. dxe4 e5 21. Bc1 Bc8 22. Bh3 Rfe8 23. Qh1 f6 24. Bxc8 Qxc8 
25. Qh7+ Kf8 26. Nf3 g5 27. Kg2 Qc6 28. Qg6 Re7 29. Bxg5 fxg5 30. Nxg5 Rc8 
31. Re3 Nf7 32. Qf5 Qd7 33. Nh7+ Kg8 34. Qh5 Re6 35. Rd1 Qe7 36. Rf3 Re8 
37. Rh1 Rh6 38. Qf5 Nd6 39. Qg4 Kxh7 0-1

[Event "AUT_chT 2012/13"]
[Site "Hohenems"]
[Date "2013.01.20"]
[Round "7"]
[Board "2"]
[White "Kuljasevic, Davorin"]
[Black "Rotstein, Arkadij"]
[Result "1-0"]
[WhiteElo "2564"]
[BlackElo "2506"]
[PlyCount "59"]
[EventDate "2012.11.02"]
[EventType "team"]
[EventRounds "11"]
[EventCountry "AUT"]
[WhiteTeam "ASVOE Fundermax St.Veit"]
[BlackTeam "SK Absam"]

1. d4 d6 2. Nf3 g6 3. c4 Bg7 4. e4 Bg4 5. Be2 Nc6 6. Be3 e5 
7. d5 Bxf3 8. Bxf3 Nd4 9. O-O Ne7 10. Bxd4 exd4 11. Nd2 O-O 12. Be2 c5 
13. Bd3 Qd7 14. Re1 f5 15. Nf3 fxe4 16. Rxe4 Bf6 17. Re6 b5 18. Nd2 bxc4 
19. Nxc4 Nxd5 20. Rxd6 Qf7 21. Be4 Nf4 22. Bxa8 Qxc4 23. Qb3 Qxb3 24. axb3 d3 
25. Bf3 Bxb2 26. Rxa7 Re8 27. Kf1 Bd4 28. g3 Ne2 29. Bd5+ Kh8 30. Rdd7 1-0

[Event "AUT_chT 2012/13"]
[Site "Hohenems"]
[Date "2013.01.20"]
[Round "7"]
[Board "3"]
[White "Dizdar, Goran"]
[Black "Rogic, Davor"]
[Result "1-0"]
[WhiteElo "2491"]
[BlackElo "2572"]
[PlyCount "83"]
[EventDate "2012.11.02"]
[EventType "team"]
[EventRounds "11"]
[EventCountry "AUT"]
[WhiteTeam "SK Absam"]
[BlackTeam "ASVOE Fundermax St.Veit"]

1. d4 d5 2. c4 c6 3. e3 Nf6 4. Bd3 a6 5. Nf3 Bg4 6. Qb3 Qc7 
7. Ne5 Be6 8. Nc3 Nbd7 9. Nxd7 Qxd7 10. c5 g6 11. O-O Bg7 12. f3 O-O 
13. Bd2 Rae8 14. Qc2 Bf5 15. Bxf5 gxf5 16. Ne2 Kh8 17. Nf4 Ng8 18. Rae1 Nf6 
19. Bc3 Rg8 20. Nd3 Nh5 21. Qf2 Bf6 22. e4 f4 23. e5 Qf5 24. exf6 Qxd3 
25. Rxe7 Nxf6 26. Rfe1 Rxe7 27. Rxe7 Kg7 28. Qh4 Qc2 29. Qf2 Qd3 30. Qd2 Qf5 
31. Re5 Qb1+ 32. Re1 Qf5 33. Re5 Qb1+ 34. Kf2 Kf8 35. Qxf4 Rg6 36. a3 Kg7 
37. g4 h6 38. Re1 Qd3 39. Qe3 Qc2+ 40. Qd2 Qb3 41. Qd1 Qa2 42. Re7 1-0

[Event "AUT_chT 2012/13"]
[Site "Hohenems"]
[Date "2013.01.20"]
[Round "7"]
[Board "6"]
[White "Hebesberger, Thomas"]
[Black "Schmidlechner, Alexander"]
[Result "1-0"]
[WhiteElo "2331"]
[BlackElo "2304"]
[PlyCount "39"]
[EventDate "2012.11.02"]
[EventType "team"]
[EventRounds "11"]
[EventCountry "AUT"]
[WhiteTeam "ASVOE Fundermax St.Veit"]
[BlackTeam "SK Absam"]

1. c4 f5 2. g3 Nf6 3. Bg2 g6 4. Nc3 Bg7 5. d3 d6 6. e4 fxe4 
7. dxe4 c5 8. e5 Ng4 9. exd6 exd6 10. Qe2+ Kf8 11. Nf3 Bxc3+ 12. bxc3 Qe7 
13. Qxe7+ Kxe7 14. O-O Nc6 15. Re1+ Kd8 16. Bf4 Kc7 17. Rad1 Rd8 18. h3 Nge5 
19. Nxe5 Nxe5 20. Rxe5 1-0

[Event "AUT_chT 2012/13"]
[Site "Hohenems"]
[Date "2013.01.20"]
[Round "7"]
[Board "2"]
[White "Polak, Thomas"]
[Black "Sebenik, Matej"]
[Result "1/2-1/2"]
[WhiteElo "2520"]
[BlackElo "2537"]
[PlyCount "65"]
[EventDate "2012.11.02"]
[EventType "team"]
[EventRounds "11"]
[EventCountry "AUT"]
[WhiteTeam "SK Zwettl"]
[BlackTeam "SV Raika Rapid Feffernitz"]

1. e4 e6 2. d4 d5 3. Nc3 Nf6 4. e5 Nfd7 5. f4 c5 6. Nf3 Nc6 
7. Be3 Be7 8. Qd2 O-O 9. Be2 b6 10. O-O f6 11. dxc5 Nxc5 12. exf6 Bxf6 
13. Nd4 Bb7 14. Rad1 Nxd4 15. Bxd4 Bxd4+ 16. Qxd4 Qf6 17. Qxf6 Rxf6 18. g3 a5 
19. Bg4 Raf8 20. Bh3 h6 21. Rfe1 g5 22. fxg5 Rf2 23. Re2 Rxe2 24. Nxe2 hxg5 
25. Bg2 Kg7 26. Nd4 Ba6 27. a3 a4 28. Re1 Kf6 29. Nf3 Ne4 30. Nd4 Nc5 
31. Nf3 Ne4 32. Nd4 Nc5 33. Nf3 1/2-1/2

[Event "AUT_chT 2012/13"]
[Site "Hohenems"]
[Date "2013.01.20"]
[Round "7"]
[Board "3"]
[White "Skoberne, Jure"]
[Black "Krejci, Jan"]
[Result "1-0"]
[WhiteElo "2543"]
[BlackElo "2514"]
[PlyCount "60"]
[EventDate "2012.11.02"]
[EventType "team"]
[EventRounds "11"]
[EventCountry "AUT"]
[WhiteTeam "SV Raika Rapid Feffernitz"]
[BlackTeam "SK Zwettl"]

1. c4 Nf6 2. g3 c6 3. Nf3 d5 4. Bg2 dxc4 5. O-O Nbd7 6. Na3 Nb6 
7. Qc2 Qd5 8. Ne1 Qf5 9. e4 Qh5 10. Nxc4 e5 11. d4 exd4 12. Nxb6 axb6 
13. e5 Nd5 14. Nf3 Bc5 15. Ng5 Ne3 16. fxe3 dxe3 17. b4 e2+ 18. bxc5 exf1=Q+ 
19. Bxf1 h6 20. Ne4 O-O 21. cxb6 Bf5 22. Bb2 Rfd8 23. Bc4 Bxe4 24. Qxe4 Rd2 
25. h4 Rxb2 26. Rf1 Kh8 27. Bd3 Qg6 28. e6 Kh7 29. e7 Re8 30. h5 Kg8 
1-0

[Event "AUT_chT 2012/13"]
[Site "Hohenems"]
[Date "2013.01.20"]
[Round "7"]
[Board "4"]
[White "Bernasek, Jan"]
[Black "Zorko, Jure"]
[Result "1/2-1/2"]
[WhiteElo "2506"]
[BlackElo "2464"]
[PlyCount "43"]
[EventDate "2012.11.02"]
[EventType "team"]
[EventRounds "11"]
[EventCountry "AUT"]
[WhiteTeam "SK Zwettl"]
[BlackTeam "SV Raika Rapid Feffernitz"]

1. d4 Nf6 2. c4 e6 3. Nc3 Bb4 4. e3 O-O 5. Bd3 c5 6. Nge2 d5 
7. O-O cxd4 8. exd4 dxc4 9. Bxc4 Nbd7 10. a3 Be7 11. Ba2 Nb6 12. Bg5 Bd7 
13. Qd3 Bc6 14. Rad1 Nbd5 15. Rfe1 Rc8 16. Bb1 g6 17. Ba2 Re8 18. Qh3 Qb6 
19. Rd2 Qd8 20. Rdd1 Qb6 21. Rd2 Qd8 22. Rdd1 1/2-1/2

[Event "AUT_chT 2012/13"]
[Site "Hohenems"]
[Date "2013.01.20"]
[Round "7"]
[Board "5"]
[White "Diermair, Andreas"]
[Black "Blatny, Pavel"]
[Result "1/2-1/2"]
[WhiteElo "2429"]
[BlackElo "2420"]
[PlyCount "91"]
[EventDate "2012.11.02"]
[EventType "team"]
[EventRounds "11"]
[EventCountry "AUT"]
[WhiteTeam "SV Raika Rapid Feffernitz"]
[BlackTeam "SK Zwettl"]

1. Nf3 b6 2. g3 Bb7 3. Bg2 e5 4. d3 g6 5. O-O Bg7 6. c4 Ne7 
7. Nc3 O-O 8. e4 d6 9. d4 exd4 10. Nxd4 Nbc6 11. Be3 Qd7 12. Rc1 Rae8 
13. Nd5 Nd8 14. Qd2 c5 15. Ne2 Nxd5 16. exd5 h6 17. h4 Kh7 18. Rfe1 f5 
19. Nf4 Qf7 20. Re2 Rg8 21. Rce1 Bc8 22. b4 Bf6 23. bxc5 bxc5 24. Qc2 g5 
25. hxg5 hxg5 26. Ne6 Nxe6 27. dxe6 Bxe6 28. Bxc5 Be5 29. Rb1 Rb8 30. Be3 Bxc4 
31. Rd2 g4 32. Bd4 Rxb1+ 33. Qxb1 Bxd4 34. Rxd4 Bxa2 35. Qd3 Rc8 36. Rxg4 Qe6 
37. Rh4+ Kg6 38. Qd2 Kg7 39. Ra4 Bc4 40. Rxa7+ Kg6 41. Bf3 Rh8 42. Qc3 Rg8 
43. Kg2 Bd5 44. Qd4 Bxf3+ 45. Kxf3 Qe5 46. Qxe5 1/2-1/2

[Event "AUT_chT 2012/13"]
[Site "Hohenems"]
[Date "2013.01.20"]
[Round "7"]
[Board "6"]
[White "Wagner, Stefan"]
[Black "Schreiner, Peter"]
[Result "1/2-1/2"]
[WhiteElo "2178"]
[BlackElo "2442"]
[PlyCount "76"]
[EventDate "2012.11.02"]
[EventType "team"]
[EventRounds "11"]
[EventCountry "AUT"]
[WhiteTeam "SK Zwettl"]
[BlackTeam "SV Raika Rapid Feffernitz"]

1. c4 g6 2. g3 Bg7 3. Bg2 c5 4. Nc3 Nc6 5. a3 e5 6. Rb1 a5 
7. e4 d6 8. Nge2 Nge7 9. d3 O-O 10. O-O Be6 11. Nd5 Rb8 12. Nec3 f5 
13. Bg5 h6 14. Bxe7 Nxe7 15. Nxe7+ Qxe7 16. b4 axb4 17. axb4 cxb4 18. Nd5 Qf7 
19. Rxb4 f4 20. Bf3 h5 21. g4 hxg4 22. Bxg4 f3 23. Bxe6 Qxe6 24. Kh1 Rf7 
25. Rg1 Kh7 26. c5 Rc8 27. cxd6 Qxd6 28. Qb3 Qe6 29. Rc4 Rxc4 30. dxc4 Qa6 
31. Qb5 Qe6 32. Qb3 Qc6 33. Rg3 Qc5 34. Rxf3 Rxf3 35. Qxf3 Qxc4 36. Qh3+ Bh6 
37. Qd7+ Bg7 38. Qh3+ Bh6 1/2-1/2

[Event "AUT_chT 2012/13"]
[Site "Hohenems"]
[Date "2013.01.20"]
[Round "7"]
[Board "2"]
[White "Schenk, Andreas"]
[Black "Weiss, Christian"]
[Result "1/2-1/2"]
[WhiteElo "2487"]
[BlackElo "2406"]
[PlyCount "61"]
[EventDate "2012.11.02"]
[EventType "team"]
[EventRounds "11"]
[EventCountry "AUT"]
[WhiteTeam "SK Sparkasse Fuerstenfeld"]
[BlackTeam "Club 7 Ansfelden"]

1. d4 g6 2. c4 Bg7 3. Nf3 f5 4. Nc3 Nf6 5. g3 O-O 6. Bg2 d6 
7. O-O Nc6 8. d5 Ne5 9. Qb3 Nfd7 10. Nxe5 Bxe5 11. Bh6 Rf7 12. Rad1 a5 
13. Qc2 Nc5 14. Qc1 Bd7 15. Be3 Qf8 16. f4 Bf6 17. Bd4 Bxd4+ 18. Rxd4 e5 
19. dxe6 Bxe6 20. e4 Qg7 21. Qd2 Re7 22. exf5 gxf5 23. Qf2 Rae8 24. Re1 Kh8 
25. Bf1 Bf7 26. Rxe7 Rxe7 27. Rd2 Qf6 28. Qd4 Kg7 29. Qxf6+ Kxf6 30. Kf2 h6 
31. Rd4 1/2-1/2

[Event "AUT_chT 2012/13"]
[Site "Hohenems"]
[Date "2013.01.20"]
[Round "7"]
[Board "3"]
[White "Felsberger, Alfred"]
[Black "Feher, Adam"]
[Result "1/2-1/2"]
[WhiteElo "2366"]
[BlackElo "2380"]
[PlyCount "62"]
[EventDate "2012.11.02"]
[EventType "team"]
[EventRounds "11"]
[EventCountry "AUT"]
[WhiteTeam "Club 7 Ansfelden"]
[BlackTeam "SK Sparkasse Fuerstenfeld"]

1. e4 e5 2. Nf3 Nc6 3. Bc4 Bc5 4. c3 Nf6 5. d3 O-O 6. O-O d5 
7. exd5 Nxd5 8. Re1 Nb6 9. Bb3 Bg4 10. Qe2 Qd7 11. Nbd2 Rad8 12. Ne4 Be7 
13. Bg5 Bxg5 14. Nexg5 h6 15. Ne4 Nd5 16. Rad1 Nf4 17. Qe3 Nd5 18. Qe2 Qf5 
19. Ng3 Qf6 20. Qe4 Bxf3 21. Qxf3 Qxf3 22. gxf3 Nf4 23. Bc2 g6 24. Ne2 Nxe2+ 
25. Rxe2 Rd6 26. Kg2 Kg7 27. Kg3 g5 28. Ba4 Kf6 29. Rde1 Rfd8 30. Bxc6 Rxc6 
31. Rxe5 Rxd3 1/2-1/2

[Event "AUT_chT 2012/13"]
[Site "Hohenems"]
[Date "2013.01.20"]
[Round "7"]
[Board "4"]
[White "Radnetter, Georg"]
[Black "Moser, Guenter"]
[Result "1-0"]
[WhiteElo "2278"]
[BlackElo "2356"]
[PlyCount "67"]
[EventDate "2012.11.02"]
[EventType "team"]
[EventRounds "11"]
[EventCountry "AUT"]
[WhiteTeam "SK Sparkasse Fuerstenfeld"]
[BlackTeam "Club 7 Ansfelden"]

1. Nf3 f5 2. d4 Nf6 3. g3 g6 4. Bg2 Bg7 5. O-O O-O 6. b3 e6 
7. Bb2 d6 8. c4 h6 9. Nc3 g5 10. e3 c6 11. Qc2 Ne8 12. Rad1 Nd7 
13. e4 f4 14. gxf4 Rxf4 15. Ne2 Rf7 16. Ng3 Qe7 17. e5 d5 18. Ne1 Nf8 
19. Bf3 Bd7 20. Bh5 Rf4 21. Ng2 dxc4 22. bxc4 b5 23. Bc1 c5 24. Nxf4 gxf4 
25. Bxf4 cxd4 26. Rxd4 bxc4 27. Qxc4 Rc8 28. Qb4 Qxb4 29. Rxb4 Rc5 30. Rb8 Nc7 
31. Rc1 Rxc1+ 32. Bxc1 Nb5 33. f4 Nc3 34. Bd2 1-0

[Event "AUT_chT 2012/13"]
[Site "Hohenems"]
[Date "2013.01.20"]
[Round "7"]
[Board "5"]
[White "Ennsberger, Ulrich"]
[Black "Postl, Anton"]
[Result "0-1"]
[WhiteElo "2368"]
[BlackElo "2259"]
[PlyCount "161"]
[EventDate "2012.11.02"]
[EventType "team"]
[EventRounds "11"]
[EventCountry "AUT"]
[WhiteTeam "Club 7 Ansfelden"]
[BlackTeam "SK Sparkasse Fuerstenfeld"]

1. e4 c5 2. Nf3 d6 3. Bb5+ Nd7 4. d4 cxd4 5. Qxd4 Ngf6 6. Bg5 a6 
7. Bxd7+ Bxd7 8. Nc3 e6 9. O-O-O Be7 10. e5 dxe5 11. Nxe5 Bc6 12. Nxc6 bxc6 
13. Qc4 Qc7 14. Bf4 Qb7 15. Bd6 O-O 16. Bxe7 Qxe7 17. Qxc6 Rfc8 18. Qf3 Rab8 
19. Rd3 Qb4 20. b3 a5 21. Kb2 a4 22. Rhd1 axb3 23. axb3 h6 24. Ra1 Qc5 
25. Qe2 Rb7 26. Ra4 Nd7 27. Qe3 Qc6 28. Rg4 Nf6 29. Rg3 Kh7 30. Qe5 Ra8 
31. Rxg7+ Kxg7 32. Rg3+ Kh7 33. Qxf6 Rg8 34. Rxg8 Kxg8 35. Qd8+ Kg7 36. Qd4+ Kh7 
37. Qe4+ Qxe4 38. Nxe4 Kg6 39. c4 Rd7 40. Kc2 Kf5 41. Nc3 e5 42. c5 Ke6 
43. Nb5 Rb7 44. Nd6 Rb4 45. Kc3 Rf4 46. f3 Kd5 47. b4 f5 48. h3 h5 
49. Kd3 h4 50. Ke3 Rxb4 51. Nxf5 Kxc5 52. g4 hxg3 53. Nxg3 Rh4 54. Ne4+ Kc4 
55. Ng5 Kd5 56. Ne4 Rxh3 57. Nf6+ Ke6 58. Ne4 Rh1 59. Kf2 Rd1 60. Nc3 Ra1 
61. Ne4 Kf5 62. Kg3 Rd1 63. Nc5 Rg1+ 64. Kf2 Rc1 65. Nd3 Ra1 66. Ke3 Ra2 
67. Nf2 Ra3+ 68. Nd3 Rc3 69. Kd2 Rb3 70. Ke3 Ra3 71. Ke2 Ke6 72. Nc5+ Kd5 
73. Ne4 Kd4 74. Kf2 Ra8 75. Nf6 Kd3 76. Ne4 Ra2+ 77. Kg3 Ke3 78. Kg4 Rg2+ 
79. Kf5 Kxf3 80. Nf6 Re2 81. Nh7 0-1

[Event "AUT_chT 2012/13"]
[Site "Hohenems"]
[Date "2013.01.20"]
[Round "7"]
[Board "6"]
[White "Hatzl, Stefan"]
[Black "Knoll, Hermann"]
[Result "1-0"]
[WhiteElo "2183"]
[BlackElo "2302"]
[PlyCount "107"]
[EventDate "2012.11.02"]
[EventType "team"]
[EventRounds "11"]
[EventCountry "AUT"]
[WhiteTeam "SK Sparkasse Fuerstenfeld"]
[BlackTeam "Club 7 Ansfelden"]

1. e4 c5 2. Nc3 g6 3. f4 Bg7 4. Nf3 Nc6 5. Bb5 Nd4 6. Nxd4 cxd4 
7. Ne2 Nf6 8. Bd3 O-O 9. b3 d6 10. Bb2 e5 11. O-O Bd7 12. Ba3 Qe7 
13. fxe5 Qxe5 14. Bb2 Ng4 15. Rf4 g5 16. Bxd4 Qxd4+ 17. Nxd4 Bxd4+ 18. Kf1 gxf4 
19. h3 Bxa1 20. Qxa1 Ne5 21. Qd4 Rfe8 22. Qxd6 Bc6 23. Qf6 Re6 24. Qg5+ Kf8 
25. Be2 Bxe4 26. d4 f3 27. gxf3 Nxf3 28. Qf4 Nxd4 29. Bc4 Re7 30. Qf6 Rd7 
31. Qh8+ Ke7 32. Qxa8 Bxc2 33. Qxa7 Bf5 34. Qc5+ Kf6 35. h4 Nf3 36. Qb6+ Ke5 
37. Qe3+ Be4 38. Be2 Nd4 39. Qg3+ Kd5 40. Bc4+ Kc6 41. Qc3 Kb6 42. Qb4+ Kc7 
43. Qa5+ Kd6 44. Qg5 f5 45. Qf6+ Kc5 46. Qf8+ Kb6 47. h5 Ka7 48. h6 b5 
49. Qc5+ Ka6 50. Qc8+ Rb7 51. Bg8 f4 52. Qa8+ Kb6 53. Qd8+ Kc5 54. b4+ 1-0

[Event "AUT_chT 2012/13"]
[Site "Hohenems"]
[Date "2013.01.20"]
[Round "7"]
[Board "5"]
[White "Atlas, Valery"]
[Black "Wallner, Joachim"]
[Result "1-0"]
[WhiteElo "2448"]
[BlackElo "2378"]
[PlyCount "87"]
[EventDate "2012.11.02"]
[EventType "team"]
[EventRounds "11"]
[EventCountry "AUT"]
[WhiteTeam "SK Hohenems"]
[BlackTeam "SK Husek Wien"]

1. e4 c6 2. Nf3 d5 3. Nc3 Bg4 4. h3 Bxf3 5. Qxf3 e6 6. g3 Nf6 
7. Bg2 Nbd7 8. d4 Bb4 9. exd5 cxd5 10. O-O Rc8 11. Nd1 Bd6 12. Qd3 Qc7 
13. Ne3 O-O 14. b3 Rfd8 15. Bb2 Nf8 16. Rfd1 h5 17. c4 h4 18. c5 Be7 
19. Nf1 Ng6 20. Re1 hxg3 21. fxg3 Ne4 22. Bxe4 dxe4 23. Qxe4 Bf6 24. Rad1 Rd5 
25. Kg2 Ne7 26. Ne3 Rg5 27. Ng4 Nd5 28. Rd3 Rf5 29. Rf3 Rxf3 30. Qxf3 Qa5 
31. Nxf6+ gxf6 32. Re2 Qxa2 33. h4 Qb1 34. Qg4+ Kf8 35. h5 Ke7 36. h6 Qxb2 
37. Rxb2 Ne3+ 38. Kf3 Nxg4 39. Kxg4 Rd8 40. Rd2 Kf8 41. d5 exd5 42. Kf5 d4 
43. Kxf6 Rd5 44. Rxd4 1-0

[Event "AUT_chT 2012/13"]
[Site "Hohenems"]
[Date "2013.01.20"]
[Round "7"]
[Board "6"]
[White "Zojer, Stefan"]
[Black "Froewis, Georg"]
[Result "0-1"]
[WhiteElo "2087"]
[BlackElo "2409"]
[PlyCount "80"]
[EventDate "2012.11.02"]
[EventType "team"]
[EventRounds "11"]
[EventCountry "AUT"]
[WhiteTeam "SK Husek Wien"]
[BlackTeam "SK Hohenems"]

1. e4 c5 2. c3 e6 3. d4 d5 4. exd5 exd5 5. Nf3 Nc6 6. Bd3 cxd4 
7. Nxd4 Bd6 8. O-O Qf6 9. Re1+ Nge7 10. Qf3 Qxf3 11. Nxf3 O-O 12. Nbd2 Bg4 
13. h3 Bh5 14. Nh4 Rfe8 15. Ndf3 f6 16. Bd2 Rad8 17. Bc2 g5 18. g4 Bf7 
19. Nf5 Nxf5 20. Bxf5 Ne5 21. Nxe5 Bxe5 22. Bc2 d4 23. Bb3 dxc3 24. Bxc3 Bxc3 
25. bxc3 Rxe1+ 26. Rxe1 Bxb3 27. axb3 Kf7 28. Re3 b5 29. Kg2 a5 30. Rf3 Ra8 
31. Rd3 a4 32. Rd2 Ke6 33. Kf3 axb3 34. Rb2 Ra3 35. Ke4 Kd6 36. Kd4 Kc6 
37. Rb1 Kb6 38. Kd5 b2 39. Kd4 Rb3 40. Kd3 Kc5 0-1

[Event "AUT_chT 2012/13"]
[Site "Hohenems"]
[Date "2013.01.20"]
[Round "7"]
[Board "3"]
[White "Pavasovic, Dusko"]
[Black "Maksimenko, Andrei"]
[Result "1/2-1/2"]
[WhiteElo "2557"]
[BlackElo "2543"]
[PlyCount "53"]
[EventDate "2012.11.02"]
[EventType "team"]
[EventRounds "11"]
[EventCountry "AUT"]
[WhiteTeam "SK MPOE Maria Saal"]
[BlackTeam "ASVOE Wulkaprodersdorf"]

1. e4 c5 2. c3 d5 3. exd5 Qxd5 4. d4 Nf6 5. Nf3 e6 6. Be3 cxd4 
7. cxd4 Bb4+ 8. Nc3 Bd7 9. Be2 Bb5 10. O-O Bxc3 11. bxc3 Nbd7 12. Bxb5 Qxb5 
13. Rb1 Qa6 14. Qb3 O-O 15. c4 b6 16. Bg5 Rac8 17. Rfc1 h6 18. Bxf6 Nxf6 
19. Rc2 Rc6 20. Rbc1 Rfc8 21. Ne5 Rd6 22. Nf3 Rdc6 23. Ne5 Rd6 24. Nf3 Rdc6 
25. Ne5 Rd6 26. Nf3 Rdc6 27. a4 1/2-1/2

[Event "AUT_chT 2012/13"]
[Site "Hohenems"]
[Date "2013.01.20"]
[Round "7"]
[Board "4"]
[White "Polzin, Rainer"]
[Black "Kreisl, Robert"]
[Result "1/2-1/2"]
[WhiteElo "2465"]
[BlackElo "2410"]
[PlyCount "65"]
[EventDate "2012.11.02"]
[EventType "team"]
[EventRounds "11"]
[EventCountry "AUT"]
[WhiteTeam "ASVOE Wulkaprodersdorf"]
[BlackTeam "SK MPOE Maria Saal"]

1. e4 c6 2. Ne2 d5 3. e5 d4 4. c3 c5 5. Nf4 Qc7 6. Bb5+ Bd7 
7. Qe2 e6 8. O-O Bxb5 9. Qxb5+ Nd7 10. Re1 Ne7 11. Na3 Ng6 12. Nxg6 hxg6 
13. d3 a6 14. Qa4 dxc3 15. bxc3 Be7 16. Rb1 O-O 17. Qe4 b5 18. c4 b4 
19. Nc2 Rad8 20. h4 Nb8 21. Re3 Qc6 22. Qxc6 Nxc6 23. g3 Rd7 24. Kf1 g5 
25. hxg5 Bxg5 26. f4 Bh6 27. Ke2 g5 28. Bb2 Ne7 29. fxg5 Bxg5 30. Rf3 Ng6 
31. Rh1 Rfd8 32. Rh5 Be7 33. Ne1 1/2-1/2

[Event "AUT_chT 2012/13"]
[Site "Hohenems"]
[Date "2013.01.20"]
[Round "7"]
[Board "6"]
[White "Thiede, Lars"]
[Black "Handler, Lukas"]
[Result "0-1"]
[WhiteElo "2441"]
[BlackElo "2384"]
[PlyCount "90"]
[EventDate "2012.11.02"]
[EventType "team"]
[EventRounds "11"]
[EventCountry "AUT"]
[WhiteTeam "ASVOE Wulkaprodersdorf"]
[BlackTeam "SK MPOE Maria Saal"]

1. Nf3 Nf6 2. g3 d5 3. Bg2 c6 4. b3 Bg4 5. Bb2 e6 6. d3 Nbd7 
7. Nbd2 Bd6 8. h3 Bh5 9. g4 Bg6 10. Nh4 Qe7 11. e3 e5 12. a3 O-O 
13. Qe2 Rac8 14. O-O h6 15. Nxg6 fxg6 16. c4 g5 17. b4 Kh8 18. Rac1 Bb8 
19. Rc2 dxc4 20. Nxc4 e4 21. Rd1 b5 22. Na5 c5 23. dxe4 c4 24. Bc3 Ne5 
25. f4 gxf4 26. exf4 Nd3 27. e5 Nxf4 28. Qf3 Nh7 29. Qe3 Nxg2 30. Rxg2 Ng5 
31. Rg3 a6 32. Kh2 Rf7 33. h4 Ne6 34. g5 Ba7 35. Qe4 Rf4 36. Qb7 Rxh4+ 
37. Kg2 Nf4+ 38. Kf3 Rc7 39. Qa8+ Kh7 40. Rd8 Ng6 41. Ke2 hxg5 42. Re8 Qd7 
43. e6 Qd6 44. Qf3 Nf4+ 45. Kf1 Qd1+ 0-1

[Event "AUT_chT 2012/13"]
[Site "Hohenems"]
[Date "2013.03.21"]
[Round "8"]
[Board "1"]
[White "Shengelia, David"]
[Black "Antoniewski, Rafal"]
[Result "1/2-1/2"]
[WhiteElo "2529"]
[BlackElo "2557"]
[PlyCount "115"]
[EventDate "2012.11.02"]
[EventType "team"]
[EventRounds "11"]
[EventCountry "AUT"]
[WhiteTeam "SK Advisory Invest Baden"]
[BlackTeam "ASVOE Wulkaprodersdorf"]

1. d4 Nf6 2. c4 g6 3. Nc3 Bg7 4. e4 d6 5. Nf3 Bg4 6. Be3 O-O 
7. Qb3 Qc8 8. Nd2 e5 9. d5 Bd7 10. f3 c6 11. g4 Na6 12. Qa3 c5 
13. Nb5 Ne8 14. Qb3 Nac7 15. h4 f5 16. Nxc7 Qxc7 17. g5 fxe4 18. fxe4 Bg4 
19. Be2 Bxe2 20. Kxe2 Qd7 21. h5 Rf7 22. hxg6 hxg6 23. Rh4 b6 24. Rah1 Nc7 
25. Qd1 Kf8 26. Qg1 Ke7 27. Rh6 Bxh6 28. gxh6 Rg8 29. Nf3 Kd8 30. Ng5 Rff8 
31. h7 Rh8 32. Rh6 Rf6 33. Qg3 Kc8 34. b3 Kb7 35. Qh4 b5 36. Ne6 g5 
37. Nxg5 Ne8 38. Qh3 Qg7 39. Rh4 bxc4 40. Ne6 Rxe6 41. Qxe6 Nf6 42. Qxd6 Nxe4 
43. Qc6+ Kb8 44. Qb5+ Ka8 45. Qc6+ Kb8 46. Qb5+ Ka8 47. Qxc4 Ng3+ 48. Kd2 Nf5 
49. Rg4 Qxh7 50. Qxc5 Qd7 51. Qc6+ Qxc6 52. dxc6 Rc8 53. Rc4 Ne7 54. c7 Kb7 
55. Rb4+ Ka8 56. Rb5 Nc6 57. Rc5 Rxc7 58. Kc3 1/2-1/2

[Event "AUT_chT 2012/13"]
[Site "Hohenems"]
[Date "2013.03.21"]
[Round "8"]
[Board "2"]
[White "Polzin, Rainer"]
[Black "Tuncer, Ufuk"]
[Result "1/2-1/2"]
[WhiteElo "2465"]
[BlackElo "2313"]
[PlyCount "109"]
[EventDate "2012.11.02"]
[EventType "team"]
[EventRounds "11"]
[EventCountry "AUT"]
[WhiteTeam "ASVOE Wulkaprodersdorf"]
[BlackTeam "SK Advisory Invest Baden"]

1. e4 c5 2. Nf3 d6 3. d4 Nf6 4. Nc3 cxd4 5. Nxd4 a6 6. Be2 e5 
7. Nb3 Be7 8. O-O O-O 9. f4 Nbd7 10. a4 b6 11. Bf3 Bb7 12. Nd5 Nxd5 
13. exd5 Rc8 14. c3 Rc7 15. fxe5 Nxe5 16. Bf4 Bf6 17. Be4 Re8 18. Bc2 Ng6 
19. Qd3 Be5 20. Rad1 Bxf4 21. Rxf4 Re5 22. Rf5 Rce7 23. c4 Re3 24. Qd2 Re2 
25. Qc1 Qc8 26. Bd3 R2e3 27. Rf2 Qe8 28. Bxg6 hxg6 29. Nd4 Qxa4 30. Rdf1 Qe8 
31. Qd2 R3e4 32. b3 Qc8 33. Kh1 Qc5 34. Rf4 Rxf4 35. Qxf4 Qc7 36. Qf2 Re5 
37. h3 Qe7 38. Kg1 b5 39. Nc6 Bxc6 40. dxc6 Qc7 41. cxb5 Rxb5 42. Rc1 Rxb3 
43. Qe2 Rb8 44. Qxa6 d5 45. Qd3 Qf4 46. Rd1 Rd8 47. Qb5 Qe3+ 48. Kh1 Qe6 
49. c7 Rc8 50. Rxd5 Rxc7 51. Qb8+ Rc8 52. Rd8+ Rxd8 53. Qxd8+ Kh7 54. Qh4+ Kg8 
55. Qd8+ 1/2-1/2